书目信息 |
| 题名: |
西亚(英文)
|
|
| 作者: | 亨德森 , 埃斯金 著 | |
| 分册: | ||
| 出版信息: | 外语教研 2006.08 |
|
| 页数: | 119页 | |
| 开本: | 24cm | |
| 丛书名: | ||
| 单 册: | ||
| 中图分类: | H319.4 | |
| 科图分类: | ||
| 主题词: | 英语 | |
| 电子资源: | ||
| ISBN: | 978-7-5600-5750-7 | |
| 000 | 00662nam0 2200241 45 | |
| 001 | 0932811657 | |
| 005 | 20091014090813.21 | |
| 010 | @a978-7-5600-5750-7@dCNY21.90 | |
| 100 | @a20090515d2006 ekmy0 y0120 ea | |
| 102 | @aCN@b130000 | |
| 102 | @aCN@b110000 | |
| 105 | @ay z 000yy | |
| 200 | 1 | @a西亚(英文)@f(美)亨德森,埃斯金著@F(mei)heng de sen,ai si jin zhu |
| 210 | @c外语教研@d2006.08 | |
| 210 | @a北京@c外语教学与研究出版社 | |
| 215 | @a119页@d24cm | |
| 606 | 0 | @a英语 |
| 690 | @aH319.4@v4 | |
| 701 | 0 | @a亨德森@Aheng de sen@4著 |
| 701 | 0 | @a埃斯金@Aai si jin@4著 |
| 801 | 0 | @aCN@c20091014 |
| 905 | @a10447@dH319.4@eX099 | |
| 906 | @d22@n3@r1 | |
| 西亚(英文)/(美)亨德森,埃斯金著.-外语教研,2006.08.-北京:外语教学与研究出版社 |
| 119页;24cm |
| ISBN 978-7-5600-5750-7:CNY21.90 |
| ● |
| 相关链接 |
|
|
|
正题名:西亚(英文)
索取号:H319.4/X099
 
预约/预借
| 序号 | 登录号 | 条形码 | 馆藏地/架位号 | 状态 | 备注 |
| 1 | 893215 | 208932155 | 语言库209/209语言库 49排6列4层/ [索取号:H319.4/X099] | 在馆 | |
| 2 | 893216 | 208932164 | 语言库209/209语言库 49排6列4层/ [索取号:H319.4/X099] | 在馆 | |
| 3 | 893217 | 208932173 | 语言库209/209语言库 49排6列4层/ [索取号:H319.4/X099] | 在馆 |